Multilevel marketing ano, či ne?

Vysvetlenie pojmu multi-level marketing. (MLM). Tovary a služby týkajúce sa MLM. Výhody a nevýhody podnikania v rámci MLM.

Guardado en:
Detalles Bibliográficos
Autor principal: Lukosová, X.
Otros Autores: Kantorová, J.
Formato: Capítulo de libro
Lenguaje:checo
Materias:
Etiquetas: Agregar Etiqueta
Sin Etiquetas, Sea el primero en etiquetar este registro!

MARC

LEADER 00000naa a2200000 4500
001 r021540
005 20230911123634.6
041 0 |a cze 
044 |a CZ 
245 1 0 |a Multilevel marketing ano, či ne?  |c X. Lukosová, J. Kantorová 
520 |a Vysvetlenie pojmu multi-level marketing. (MLM). Tovary a služby týkajúce sa MLM. Výhody a nevýhody podnikania v rámci MLM. 
610 2 0 |a marketing sieťový 
610 2 0 |a marketing 
610 2 0 |a podnikanie 
610 2 0 |a tovar 
610 2 0 |a služby 
100 1 |a Lukosová, X. 
700 1 |a Kantorová, J.